000 00994nam a2200361 a 4500
003 AR-BaBNM
005 20251128210053.0
008 082120s2002 ||||||||||||||000 | spa||
020 _a84-7509-784-7
040 _cAR-BaBNM
100 1 _aHerbert, Martin
245 0 0 _aEntre la tolerancia y la disciplina
_buna guía educativa para padres
250 _a1ª ed.
260 _aBarcelona
_aBuenos Aires
_bPaidós
_c1992
300 _a175 p.
490 0 _aGuías para padres
_v8
500 _aContiene índice analítico p. 173-175
504 _aContiene bibliografía p. 169-172
650 4 _aEDUCACION DEL NIÑO
650 4 _aADOLESCENTES
650 4 _aRELACION PADRES-HIJOS
650 4 _aNORMAS
650 4 _aAUTORITARISMO
650 4 _aAUTORIDAD
650 4 _aCASTIGO
650 4 _aAUTODISCIPLINA
650 4 _aCOMUNICACION
650 4 _aPROBLEMAS DE LA COMUNICACION
650 4 _aMEDIOS DE COMUNICACION
650 4 _aTOLERANCIA
942 _cBK
998 _cRaquel
999 _c13904
_d13904